[Event "Sofia op 2nd"]
[Site "Sofia"]
[Date "2011.10.05"]
[Round "4"]
[White "Vasilev, Rosen"]
[Black "Miteva, Silvena"]
[Result "0-1"]
[WhiteElo "1914"]
[BlackElo "1676"]
[PlyCount "70"]
[EventDate "2011.10.03"]
[EventType "swiss"]
[EventRounds "9"]
[EventCountry "BUL"]
[SourceTitle "CBM 144 Extra"]
[Source "ChessBase"]
[SourceDate "2011.10.28"]
[SourceVersion "1"]
[SourceVersionDate "2011.10.28"]
[SourceQuality "1"]

1. e4 c5 2. Nf3 a6 3. d4 cxd4 4. Nxd4 Nf6 5. Nc3 e5 6. Nb3 d6 7. Be2 Be7 8. Be3 Be6 9. Bf3 Nbd7 10. Qd2 b5 11. a3 Rc8 12. h3 Nb6 13. Bxb6 Qxb6 14. 0-0 0-0 15. g4 Nd7 16. Kg2 Qd8 17. Rfd1 Nb6 18. Na5 Qc7 19. Rac1 Nd7 20. Nd5 Bxd5 21. exd5 h6 22. Nc6 Bg5 23. Qe2 Bxc1 24. Rxc1 Nf6 25. Qd3 Rfe8 26. Be4 Nxe4 27. Qxe4 Qb6 28. b4 Rxc6 29. dxc6 Rc8 30. c4 Rxc6 31. c5 dxc5 32. f3 c4 33. Qxe5 Re6 34. Qf5 Re2+ 35. Kh1 Qc7 0-1

[Event "Bobotsov Memorial 2nd"]
[Site "Sofia"]
[Date "2010.05.06"]
[Round "9"]
[White "Vasilev, Rosen"]
[Black "Genov, Delyan"]
[Result "1/2-1/2"]
[WhiteElo "1934"]
[BlackElo "1800"]
[PlyCount "82"]
[EventDate "2010.04.30"]
[EventType "swiss"]
[EventRounds "9"]
[EventCountry "BUL"]
[SourceTitle "CBM 136 Extra"]
[Source "ChessBase"]
[SourceDate "2010.07.02"]
[SourceVersion "2"]
[SourceVersionDate "2010.07.15"]
[SourceQuality "1"]

1. e4 c6 2. c4 d5 3. exd5 cxd5 4. d4 dxc4 5. Nc3 g6 6. Bxc4 Bg7 7. Nf3 Nf6 8. Ne5 e6 9. Bg5 Qc7 10. Qf3 Nbd7 11. Nb5 Qa5+ 12. Bd2 Qb6 13. Bb4 Bf8 14. Bxf8 Kxf8 15. 0-0 a6 16. Nc3 Qxd4 17. Nxd7+ Nxd7 18. Bxe6 Ne5 19. Qf6 Nf3+ 20. Qxf3 Bxe6 21. Rad1 Qe5 22. Rfe1 Qf5 23. Qxb7 Kg7 24. Rd6 Rhb8 25. Qc6 Rxb2 26. Nd1 Rc8 27. Nxb2 Rxc6 28. Rxc6 Qb5 29. Rc2 Bxa2 30. Rec1 a5 31. Nd1 Qb4 32. h3 Qe1+ 33. Kh2 Bb3 34. Ne3 Qb4 35. Rc8 a4 36. Ra8 a3 37. Rcc8 a2 38. Ng4 f6 39. Rc7+ Bf7 40. Rca7 Qe1 41. Rxa2 Qe7 1/2-1/2

[Event "Bobotsov Memorial 2nd"]
[Site "Sofia"]
[Date "2010.05.03"]
[Round "5"]
[White "Vasilev, Rosen"]
[Black "Andreev, Dobrotich"]
[Result "1/2-1/2"]
[WhiteElo "1934"]
[BlackElo "2071"]
[PlyCount "77"]
[EventDate "2010.04.30"]
[EventType "swiss"]
[EventRounds "9"]
[EventCountry "BUL"]
[SourceTitle "CBM 136 Extra"]
[Source "ChessBase"]
[SourceDate "2010.07.02"]
[SourceVersion "2"]
[SourceVersionDate "2010.07.15"]
[SourceQuality "1"]

1. e4 c6 2. c4 d5 3. exd5 cxd5 4. cxd5 Nf6 5. Nc3 Nxd5 6. d4 Nc6 7. a3 Bf5 8. Nf3 e6 9. Bb5 Bd6 10. 0-0 Nxc3 11. bxc3 0-0 12. h3 Rc8 13. c4 a6 14. Ba4 Bb8 15. Be3 Ne7 16. Rc1 h6 17. Ne5 Bxe5 18. dxe5 Qa5 19. Qd7 Ng6 20. Bd2 Qd8 21. Bb4 Nxe5 22. Qxb7 Rb8 23. Qa7 Nf3+ 24. Kh1 Rxb4 25. axb4 Qh4 26. Rc3 Bxh3 27. Rxf3 Bg4+ 28. Kg1 Bxf3 29. Qe3 Ba8 30. Rc1 Rd8 31. Bd1 Bxg2 32. Kxg2 Rxd1 33. Rxd1 Qg4+ 34. Qg3 Qxd1 35. Qb8+ Kh7 36. Qb7 Qg4+ 37. Kh2 Qh4+ 38. Kg2 Qg4+ 39. Kh2 1/2-1/2

[Event "Sofia Asenova&Ivanova Memorial"]
[Site "Sofia"]
[Date "2010.04.25"]
[Round "7"]
[White "Sapareva, Magdalena"]
[Black "Vasilev, Rosen"]
[Result "1/2-1/2"]
[WhiteElo "1714"]
[BlackElo "1934"]
[PlyCount "62"]
[EventDate "2010.04.21"]
[EventType "swiss"]
[EventRounds "9"]
[EventCountry "BUL"]
[SourceTitle "CBM 135 Extra"]
[Source "ChessBase"]
[SourceDate "2010.05.04"]
[SourceVersion "1"]
[SourceVersionDate "2010.05.04"]
[SourceQuality "1"]

1. d4 c5 2. d5 d6 3. c4 Nf6 4. Nc3 Bf5 5. e3 a6 6. Bd3 Bxd3 7. Qxd3 e5 8. e4 h6 9. h3 g6 10. Nge2 Bg7 11. 0-0 0-0 12. f4 exf4 13. Bxf4 Qe7 14. Ng3 Nbd7 15. Rae1 Ne5 16. Qe2 Kh7 17. b3 Rab8 18. Nd1 Nfd7 19. Nf2 h5 20. Nxh5 gxh5 21. Qxh5+ Kg8 22. Ng4 Nxg4 23. Qxg4 Ne5 24. Qg3 Qf6 25. Re3 Qg6 26. Qe1 Rbd8 27. Rg3 Qh7 28. Bxe5 dxe5 29. Rg5 Rd6 30. Rff5 Rg6 31. Rh5 Rh6 1/2-1/2

[Event "Sofia Ivis op"]
[Site "Sofia"]
[Date "2009.10.17"]
[Round "5"]
[White "Vasilev, Rosen"]
[Black "Andreev, Dobrotich"]
[Result "1/2-1/2"]
[WhiteElo "1970"]
[BlackElo "2132"]
[PlyCount "116"]
[EventDate "2009.10.14"]
[EventType "swiss"]
[EventRounds "7"]
[EventCountry "BUL"]
[SourceTitle "CBM 132 Extra"]
[Source "ChessBase"]
[SourceDate "2009.11.03"]
[SourceVersion "1"]
[SourceVersionDate "2009.11.03"]
[SourceQuality "1"]

1. d4 d5 2. c4 e6 3. Nc3 Nf6 4. Bg5 c6 5. a4 Be7 6. e3 a5 7. Nf3 Na6 8. c5 b6 9. Ne5 Nb4 10. cxb6 Qxb6 11. Be2 Ba6 12. 0-0 Bxe2 13. Qxe2 Qa6 14. Qxa6 Rxa6 15. Rfc1 Nd7 16. Nb5 Bxg5 17. Nc7+ Ke7 18. Nxa6 Nxa6 19. Nxc6+ Kd6 20. Nxa5 Nb4 21. Nb7+ Ke7 22. f4 Bf6 23. a5 Rb8 24. a6 Nxa6 25. Rxa6 Rxb7 26. b4 Nb6 27. Rc6 Nc4 28. Kf2 Kd7 29. e4 Be7 30. f5 exf5 31. exf5 Nd6 32. Rcb6 Rxb6 33. Rxb6 Kc7 34. Ra6 Nxf5 35. Kf3 Bxb4 36. Ra7+ Kd6 37. Rxf7 Ke6 38. Rb7 Be7 39. Rb6+ Bd6 40. Ra6 g5 41. Kg4 Kf6 42. Kh5 h6 43. h3 Ke6 44. Kg6 Ne3 45. Kxh6 g4 46. hxg4 Nxg4+ 47. Kg6 Ne3 48. Ra2 Nc4 49. Re2+ Kd7 50. Kf7 Bb4 51. Ra2 Bc3 52. Ra7+ Kc6 53. Ra6+ Kb5 54. Ra8 Bxd4 55. Ke6 Nb6 56. Rd8 Kc4 57. Rd6 Bc5 58. Rd8 d4 1/2-1/2

[Event "Sofia Kirov Memorial"]
[Site "Sofia"]
[Date "2009.01.08"]
[Round "7"]
[White "Vasilev, Rosen"]
[Black "Todorov, Ognjan"]
[Result "0-1"]
[WhiteElo "1981"]
[BlackElo "2303"]
[PlyCount "69"]
[EventDate "2009.01.03"]
[EventType "swiss"]
[EventRounds "9"]
[EventCountry "BUL"]
[SourceTitle "EXT 2010"]
[Source "ChessBase"]
[SourceDate "2010.11.25"]
[SourceVersion "1"]
[SourceVersionDate "2010.11.25"]
[SourceQuality "1"]

1. e4 c5 2. Nf3 e6 3. c3 d5 4. Bb5+ Bd7 5. Bxd7+ Qxd7 6. exd5 Qxd5 7. 0-0 Nf6 8. d4 Nc6 9. Qa4 Be7 10. c4 Qd7 11. dxc5 Bxc5 12. Rd1 Qe7 13. Ne5 0-0 14. Nxc6 bxc6 15. Bg5 Bxf2+ 16. Kh1 h6 17. Bxf6 Qxf6 18. Nc3 Qh4 19. Qxc6 Bg3 20. h3 Be5 21. Qf3 Qxc4 22. Rd7 Rab8 23. Rf1 Rxb2 24. Nd1 Rb1 25. Rxf7 Qxf1+ 26. Qxf1 Rxf7 27. Qd3 Ra1 28. a3 Ra2 29. Ne3 Rff2 30. Qd8+ Kh7 31. Qd3+ g6 32. Qd7+ Bg7 33. Kg1 Rfd2 34. Qxe6 Ra1+ 35. Nf1 0-1

[Event "Sofia IVIS op"]
[Site "Sofia"]
[Date "2008.10.16"]
[Round "6"]
[White "Slavov, Stanislav"]
[Black "Vasilev, Rosen"]
[Result "0-1"]
[WhiteElo "2040"]
[BlackElo "2007"]
[PlyCount "122"]
[EventDate "2008.10.12"]
[EventType "swiss"]
[EventRounds "9"]
[EventCountry "BUL"]
[SourceTitle "EXT 2009"]
[Source "ChessBase"]
[SourceDate "2008.11.26"]
[SourceVersion "1"]
[SourceVersionDate "2008.11.26"]
[SourceQuality "1"]

1. d4 c5 2. d5 Nf6 3. Bg5 d6 4. c4 Nbd7 5. Nc3 g6 6. e4 Bg7 7. Nf3 h6 8. Bf4 Nh5 9. Bd2 Ne5 10. Be2 Bg4 11. Qa4+ Bd7 12. Qc2 Nxf3+ 13. Bxf3 Nf6 14. h3 a6 15. 0-0 0-0 16. Rfe1 b5 17. cxb5 axb5 18. Bf4 b4 19. Ne2 Ba4 20. Qd2 g5 21. e5 Ne8 22. Bh2 dxe5 23. Qe3 Qd6 24. Ng3 f5 25. Nh5 f4 26. Qe4 Nf6 27. Nxf6+ Qxf6 28. Qc4 Qd6 29. Rac1 Rac8 30. a3 Bd7 31. Be4 bxa3 32. bxa3 Bf5 33. f3 Bxe4 34. Rxe4 Rfd8 35. Kf1 Qxd5 36. Qxd5+ Rxd5 37. Bg1 e6 38. Rec4 Bf8 39. a4 Kf7 40. Ke2 Kf6 41. Bf2 Kf5 42. a5 h5 43. Ra1 Ra8 44. a6 Rd7 45. Rca4 Rda7 46. Kd3 g4 47. fxg4+ hxg4 48. hxg4+ Kxg4 49. Ke4 Kg5 50. R1a2 Bd6 51. Ra5 Kf6 52. Bh4+ Kf7 53. Bf2 Rc7 54. Be1 c4 55. Bc3 Kf6 56. Rb5 Rg7 57. Rb6 Rg3 58. Re2 Rxc3 59. Rxd6 Ra3 60. Rc6 R8xa6 61. Rxa6 Rxa6 0-1

[Event "Baharov Memorial op 15th"]
[Site "Sofia"]
[Date "2007.11.29"]
[Round "4"]
[White "Vasilev, Rosen"]
[Black "Mitrev, Kiril"]
[Result "1-0"]
[WhiteElo "1985"]
[BlackElo "2149"]
[PlyCount "57"]
[EventDate "2007.11.27"]
[EventType "swiss"]
[EventRounds "7"]
[EventCountry "BUL"]
[SourceTitle "CBM 121 Extra"]
[Source "ChessBase"]
[SourceDate "2008.01.10"]
[SourceVersion "1"]
[SourceVersionDate "2008.01.10"]
[SourceQuality "1"]

1. d4 Nf6 2. c4 e6 3. a3 c5 4. d5 exd5 5. cxd5 b5 6. Bg5 h6 7. Bh4 g5 8. Bg3 Bb7 9. Nc3 a6 10. e4 d6 11. Bd3 Qe7 12. Nge2 Nbd7 13. 0-0 c4 14. Bc2 Nc5 15. Nd4 h5 16. e5 dxe5 17. Nf5 Qc7 18. Bxe5 Qb6 19. Qd4 Nfd7 20. Bxh8 0-0-0 21. Rae1 Qc7 22. Re2 Nb6 23. Bf6 Ne6 24. Rxe6 fxe6 25. Bxd8 Qxd8 26. dxe6 Qc7 27. e7 Bxe7 28. Nxe7+ Qxe7 29. Qxb6 1-0

[Event "Baharov Memorial op 15th"]
[Site "Sofia"]
[Date "2007.11.28"]
[Round "2"]
[White "Vasilev, Rosen"]
[Black "Mitkov, Krasimir"]
[Result "1-0"]
[WhiteElo "1985"]
[BlackElo "2211"]
[PlyCount "63"]
[EventDate "2007.11.27"]
[EventType "swiss"]
[EventRounds "7"]
[EventCountry "BUL"]
[SourceTitle "CBM 121 Extra"]
[Source "ChessBase"]
[SourceDate "2008.01.10"]
[SourceVersion "1"]
[SourceVersionDate "2008.01.10"]
[SourceQuality "1"]

1. d4 d5 2. Nf3 Bg4 3. Ne5 Bh5 4. g4 Bg6 5. h4 h6 6. Nxg6 fxg6 7. Qd3 Qd6 8. Nc3 c6 9. Bg2 Nd7 10. f4 0-0-0 11. Bd2 Qf6 12. 0-0-0 e6 13. Rdf1 Bd6 14. e4 Qf7 15. e5 Bb4 16. f5 gxf5 17. gxf5 Ne7 18. fxe6 Qxe6 19. h5 Rhf8 20. Bh3 Qg8 21. Rhg1 Rxf1+ 22. Qxf1 c5 23. Nb5 Bxd2+ 24. Kxd2 cxd4 25. Nxd4 Kb8 26. Be6 Qh7 27. Bxd7 Rxd7 28. Qf8+ Nc8 29. e6 Re7 30. Rg6 Rc7 31. Nf5 b6 32. e7 1-0

[Event "Sofia CSKA op"]
[Site "Sofia"]
[Date "2007.10.27"]
[Round "1"]
[White "Vasilev, Rosen"]
[Black "Kalchev, Stefan"]
[Result "1-0"]
[WhiteElo "2044"]
[BlackElo "2106"]
[PlyCount "71"]
[EventDate "2007.10.27"]
[EventType "swiss"]
[EventRounds "7"]
[EventCountry "BUL"]
[SourceTitle "EXT 2008"]
[Source "ChessBase"]
[SourceDate "2007.11.25"]
[SourceVersion "1"]
[SourceVersionDate "2007.11.25"]
[SourceQuality "1"]

1. e4 e6 2. d4 d5 3. e5 c5 4. Bb5+ Nc6 5. Nf3 Qb6 6. Bxc6+ bxc6 7. c3 Ba6 8. Qb3 cxd4 9. Qxb6 axb6 10. cxd4 Ne7 11. Nc3 Ng6 12. a3 c5 13. Be3 cxd4 14. Bxd4 Bc5 15. 0-0-0 Rc8 16. g3 Bxd4 17. Rxd4 Ke7 18. Kb1 Rc4 19. Rhd1 Rhc8 20. h4 h5 21. R1d2 R8c6 22. Ne2 Rxd4 23. Nexd4 Rc4 24. b3 Rc3 25. Kb2 Rd3 26. Rxd3 Bxd3 27. Kc3 Ba6 28. a4 f6 29. Nc6+ Kf7 30. Kd4 Be2 31. Nd2 fxe5+ 32. Nxe5+ Nxe5 33. Kxe5 Ke7 34. b4 Bd3 35. a5 bxa5 36. bxa5 1-0

[Event "Sofia Hemus op 06th"]
[Site "Sofia"]
[Date "2004.06.06"]
[Round "5"]
[White "Petkov, Vladimir"]
[Black "Vasilev, Rosen"]
[Result "1-0"]
[WhiteElo "2375"]
[BlackElo "2005"]
[PlyCount "51"]
[EventDate "2004.06.05"]
[EventType "swiss"]
[EventRounds "5"]
[EventCountry "BUL"]
[SourceTitle "CBM 100 Extra"]
[Source "ChessBase"]
[SourceDate "2004.07.06"]
[SourceVersion "2"]
[SourceVersionDate "2004.07.06"]
[SourceQuality "1"]

1. d4 Nf6 2. c4 c5 3. d5 d6 4. Nc3 g6 5. e4 Bg7 6. f4 0-0 7. Nf3 Bg4 8. Bd3 Nbd7 9. 0-0 a6 10. a4 b6 11. Qe1 Bxf3 12. gxf3 Nh5 13. f5 Qc7 14. Kh1 Rae8 15. Rg1 Ndf6 16. Qh4 Kh8 17. Bg5 Rg8 18. Rae1 Nd7 19. f4 f6 20. fxg6 hxg6 21. e5 fxg5 22. Rxg5 Bf6 23. Rxh5+ gxh5 24. Qxh5+ Kg7 25. e6 Nf8 26. Rg1+ 1-0

[Event "Sofia Hemus op 06th"]
[Site "Sofia"]
[Date "2004.06.05"]
[Round "3"]
[White "Orev, Petar"]
[Black "Vasilev, Rosen"]
[Result "1-0"]
[WhiteElo "2340"]
[BlackElo "2005"]
[PlyCount "61"]
[EventDate "2004.06.05"]
[EventType "swiss"]
[EventRounds "5"]
[EventCountry "BUL"]
[SourceTitle "CBM 100 Extra"]
[Source "ChessBase"]
[SourceDate "2004.07.06"]
[SourceVersion "2"]
[SourceVersionDate "2004.07.06"]
[SourceQuality "1"]

1. e4 d6 2. d4 Nf6 3. Nc3 c6 4. a4 Nbd7 5. Nf3 e5 6. Bc4 Be7 7. 0-0 0-0 8. Qe2 Nh5 9. Rd1 Qc7 10. Nxe5 Nxe5 11. dxe5 g6 12. exd6 Bxd6 13. g3 Re8 14. Be3 Bh3 15. Qf3 Be6 16. Bxe6 Rxe6 17. Rd3 Rae8 18. Rad1 Nf6 19. Bxa7 Be5 20. Bd4 Bxd4 21. Rxd4 Qb6 22. e5 Nd5 23. Rxd5 cxd5 24. Nxd5 Qxb2 25. Nf6+ Rxf6 26. exf6 Qxc2 27. a5 Qb2 28. Kg2 h6 29. Rd7 Qe5 30. Qxb7 Qxf6 31. a6 1-0

[Event "Sofia Hemus op 04th"]
[Site "Sofia"]
[Date "2004.05.02"]
[Round "6.6"]
[White "Vasilev, Rosen"]
[Black "Mishkovski, Lubomir"]
[Result "1-0"]
[WhiteElo "2005"]
[BlackElo "2025"]
[PlyCount "71"]
[EventDate "2004.05.01"]
[EventType "swiss"]
[EventRounds "6"]
[EventCountry "BUL"]
[SourceTitle "CBM 100 Extra"]
[Source "ChessBase"]
[SourceDate "2004.07.06"]
[SourceVersion "2"]
[SourceVersionDate "2004.07.06"]
[SourceQuality "1"]

1. e4 c5 2. Nc3 Nc6 3. Nf3 Nf6 4. d4 cxd4 5. Nxd4 e5 6. Nxc6 bxc6 7. Bc4 Bb4 8. Bg5 h6 9. Bh4 g5 10. Bg3 d6 11. f3 Qa5 12. Qd3 Nh5 13. 0-0-0 Nf4 14. Bxf4 gxf4 15. g3 Be6 16. Bxe6 fxe6 17. Qc4 Kd7 18. gxf4 Bxc3 19. bxc3 exf4 20. Qd4 Qa3+ 21. Kd2 e5 22. Qc4 Rh7 23. Ke2 Rb8 24. Rhg1 Rb2 25. Rg6 Rxc2+ 26. Kf1 Rxh2 27. Qe6+ Kc7 28. Kg1 Rh5 29. Qg8 Rd7 30. Rb1 Qc5+ 31. Kg2 Rh2+ 32. Kxh2 Qf2+ 33. Rg2 Qh4+ 34. Kg1 Rd8 35. Rg7+ Kc8 36. Qf7 1-0

[Event "Sofia Hemus op 04th"]
[Site "Sofia"]
[Date "2004.05.01"]
[Round "3.8"]
[White "Zdravchev, Ivan"]
[Black "Vasilev, Rosen"]
[Result "1-0"]
[WhiteElo "2050"]
[BlackElo "2005"]
[PlyCount "56"]
[EventDate "2004.05.01"]
[EventType "swiss"]
[EventRounds "6"]
[EventCountry "BUL"]
[SourceTitle "CBM 100 Extra"]
[Source "ChessBase"]
[SourceDate "2004.07.06"]
[SourceVersion "2"]
[SourceVersionDate "2004.07.06"]
[SourceQuality "1"]

1. e4 d6 2. d4 Nf6 3. Nc3 c6 4. f3 g6 5. Be3 Bg7 6. Qd2 h5 7. 0-0-0 Qa5 8. Bc4 Nbd7 9. Nge2 Qc7 10. Nf4 b5 11. Bd3 Nb6 12. e5 Nh7 13. e6 Nf8 14. exf7+ Kd8 15. Ne4 Nc4 16. Bxc4 bxc4 17. h4 Rb8 18. c3 Qa5 19. a3 Bf5 20. Qe2 Qb5 21. Rhe1 Ne6 22. Nxe6+ Bxe6 23. Ng5 Bf5 24. Bf4 Bf6 25. Rd2 Qb3 26. Ne4 Qa2 27. Rc2 Bxe4 28. Qxe4 Kc7 1-0

[Event "Sofia op 3rd"]
[Site "Sofia"]
[Date "2004.04.25"]
[Round "5.4"]
[White "Vankov, Julian"]
[Black "Vasilev, Rosen"]
[Result "1-0"]
[WhiteElo "2295"]
[BlackElo "2005"]
[PlyCount "112"]
[EventDate "2004.04.23"]
[EventType "swiss"]
[EventRounds "6"]
[EventCountry "BUL"]
[SourceTitle "CBM 100 Extra"]
[Source "ChessBase"]
[SourceDate "2004.07.06"]
[SourceVersion "2"]
[SourceVersionDate "2004.07.06"]
[SourceQuality "1"]

1. d4 Nf6 2. c4 d6 3. Nc3 Bf5 4. f3 Nc6 5. e4 Bd7 6. d5 Ne5 7. f4 Ng6 8. Nf3 e5 9. f5 Ne7 10. Bd3 c6 11. 0-0 c5 12. Be3 a6 13. Qe2 Ng4 14. Bd2 Ng8 15. h3 N4f6 16. g4 h6 17. a4 b6 18. Qg2 Nh7 19. h4 Be7 20. g5 Nf8 21. Kf2 Qc7 22. Ke2 Rb8 23. Nh2 hxg5 24. hxg5 f6 25. g6 b5 26. axb5 axb5 27. cxb5 c4 28. Bc2 Bd8 29. Nf3 Ne7 30. Rh1 Rg8 31. Be3 Nc8 32. Qf2 Ke7 33. Ba4 Qb7 34. Nd2 Nb6 35. Bc2 Ra8 36. Rxa8 Nxa8 37. Ra1 Nb6 38. Ra6 Bxb5 39. Rxb6 Bxb6 40. Bxb6 Qa6 41. Ndb1 Nd7 42. Be3 Qb7 43. Qh2 Nf8 44. Kd2 Ba6 45. Kc1 Nd7 46. Ba4 Qc8 47. Bxd7 Qxd7 48. Na3 Qe8 49. Qc2 Rh8 50. Qa4 Qxa4 51. Nxa4 Rh1+ 52. Kc2 Re1 53. Kd2 Rh1 54. Nc3 Rh2+ 55. Kc1 Rh1+ 56. Kd2 Rh4 1-0

[Event "Sofia op 3rd"]
[Site "Sofia"]
[Date "2004.04.24"]
[Round "1.3"]
[White "Vasilev, Rosen"]
[Black "Karakehajov, Kalin"]
[Result "0-1"]
[WhiteElo "2005"]
[BlackElo "2330"]
[PlyCount "57"]
[EventDate "2004.04.23"]
[EventType "swiss"]
[EventRounds "6"]
[EventCountry "BUL"]
[SourceTitle "CBM 100 Extra"]
[Source "ChessBase"]
[SourceDate "2004.07.06"]
[SourceVersion "2"]
[SourceVersionDate "2004.07.06"]
[SourceQuality "1"]

1. e4 e5 2. Nf3 Nc6 3. Nc3 Nf6 4. d4 exd4 5. Nxd4 Bb4 6. Nxc6 bxc6 7. Bd3 d5 8. exd5 cxd5 9. 0-0 0-0 10. Bg5 c6 11. Qf3 h6 12. Bxf6 Qxf6 13. Qxf6 gxf6 14. Ne2 Bc5 15. c3 Re8 16. b4 Bd6 17. Nd4 Bd7 18. Rfe1 Be5 19. Re3 a5 20. bxa5 Rxa5 21. Bf5 Bxf5 22. Nxf5 Kf8 23. Rae1 Rb8 24. g3 Rc5 25. Nxh6 Rxc3 26. Rxc3 Bxc3 27. Rc1 Bd2 28. Rxc6 Bxh6 29. Rxf6 0-1

[Event "Sofia op 2nd"]
[Site "Sofia"]
[Date "2004.04.03"]
[Round "2.5"]
[White "Ivanov, Stoian"]
[Black "Vasilev, Rosen"]
[Result "1-0"]
[WhiteElo "2170"]
[BlackElo "2005"]
[PlyCount "103"]
[EventDate "2004.04.03"]
[EventType "swiss"]
[EventRounds "6"]
[EventCountry "BUL"]
[SourceTitle "CBM 099 Extra"]
[Source "ChessBase"]
[SourceDate "2004.05.04"]
[SourceVersion "1"]
[SourceVersionDate "2004.05.04"]
[SourceQuality "1"]

1. Nf3 Nf6 2. c4 d6 3. g3 e5 4. Bg2 Nc6 5. 0-0 Be7 6. d4 0-0 7. Nc3 Bg4 8. d5 Nb8 9. e4 Nbd7 10. Qc2 a5 11. b3 Nc5 12. Be3 Nfd7 13. Nd2 Bg5 14. Bxg5 Qxg5 15. Rae1 Qh5 16. f3 Bh3 17. Nb5 Rac8 18. Qc3 Bxg2 19. Kxg2 b6 20. a3 Nf6 21. b4 axb4 22. axb4 Ncd7 23. Ra1 Qg6 24. Ra7 Nh5 25. Kh1 Qh6 26. Kg2 Qg6 27. Nxc7 Nf4+ 28. Kh1 Ne2 29. Qd3 Nd4 30. Nb5 Nxb5 31. Rxd7 Nd4 32. Nb3 Nxb3 33. Qxb3 Qh6 34. Kg2 Ra8 35. Rf2 Ra1 36. Qb2 Rd1 37. Qc2 Rc1 38. Qd2 Rxc4 39. Qxh6 gxh6 40. Rb2 Rb8 41. Rxd6 Kg7 42. b5 Rd4 43. Rc6 Rb7 44. g4 f6 45. h4 Kg6 46. Kg3 Rd1 47. Rbc2 Rg1+ 48. Kf2 Rb1 49. d6 Rd1 50. Ke2 Rh1 51. Rc7 Rb8 52. Rd2 1-0